Population census in India: A futuristic perspective (Record no. 1848186)

MARC details
000 -LEADER
fixed length control field 01223nam a2200193 4500
005 - DATE AND TIME OF LATEST TRANSACTION
control field 20260410094417.0
008 - FIXED-LENGTH DATA ELEMENTS--GENERAL INFORMATION
fixed length control field 260410b |||||||| |||| 00| 0 eng d
020 ## - INTERNATIONAL STANDARD BOOK NUMBER
International Standard Book Number 9781041035619
037 ## - SOURCE OF ACQUISITION
Terms of availability Textual
040 ## - CATALOGING SOURCE
Original cataloging agency RTL
Transcribing agency RTL
084 ## - COLON CLASSIFICATION NUMBER
Assigning agency RTL
100 ## - MAIN ENTRY--PERSONAL NAME
Personal name Jain, Seema
9 (RLIN) 1234580
245 ## - TITLE STATEMENT
Title Population census in India: A futuristic perspective
260 ## - PUBLICATION, DISTRIBUTION, ETC.
Place of publication, distribution, etc. London
Name of publisher, distributor, etc. Routledge
Date of publication, distribution, etc. 2025
300 ## - PHYSICAL DESCRIPTION
Extent xiii, 182 p.
Other physical details Includes bibliographical reference and index
520 ## - SUMMARY, ETC.
Summary, etc. The population census serves as the primary data source for demographic analysis, the implementation of social and economic development programmes, administrative activities, and policy decisions, as well as for special surveys and scientific research. This book critically examines key aspects of pre-census activity, including its timing, duration, and method of enumeration. It traces the concepts and definitions adopted by the Census of India since its inception in 1872. The authors explore topics such as census legislation, organisation, administrative structures, training strategies, the instruction manual, and the impact of COVID-19 on the census process.
700 ## - ADDED ENTRY--PERSONAL NAME
Personal name Shyam, Madhav
Relator term Co-author
9 (RLIN) 1234581
942 ## - ADDED ENTRY ELEMENTS (KOHA)
Source of classification or shelving scheme Colon Classification (CC)
Suppress in OPAC No
Koha item type Textbook
Holdings
Withdrawn status Lost status Source of classification or shelving scheme Damaged status Not for loan Home library Current library Date acquired Total Checkouts Barcode Date last seen Price effective from Koha item type
    Colon Classification (CC)     Ratan Tata Library Ratan Tata Library 2026-04-10   RT1585377 2026-04-10 2026-04-10 Textbook
Copyright @ Delhi University Library System